| 000 | 00543nam a2200229Ia 4500 | ||
|---|---|---|---|
| 003 | OSt | ||
| 005 | 20221006151338.0 | ||
| 006 | a|||||r|||| 00| 0 | ||
| 007 | ta | ||
| 008 | 221006b |||||||| |||| 00| 0 eng d | ||
| 020 | _c30.00 | ||
| 024 | _a21,776 | ||
| 037 | _cTextual | ||
| 040 |
_aEASL _cEASL _beng |
||
| 041 |
_2eng _aeng |
||
| 100 |
_aDALVI J P _9105476 |
||
| 245 | 0 | _aHimalayan Blunder | |
| 260 |
_aBombay _bThacher & Co. _c1969 |
||
| 300 |
_a506p. _ccm. |
||
| 942 |
_cTEXL _2CC |
||
| 999 |
_c1089862 _d1089862 |
||